| 000 | 00551cam a2200193 4500 | ||
|---|---|---|---|
| 001 | 394 | ||
| 005 | 20181127161453.0 | ||
| 008 | 990923s2000 nyu 000 0 eng | ||
| 010 | _a 99048798 | ||
| 020 | _a0865475865 (alk. paper) | ||
| 043 | _an-us-az | ||
| 100 | 1 |
_aBernstein, Jane, _d1949- |
|
| 245 | 1 | 0 |
_aBereft : _ba sister's story / _cJane Bernstein. |
| 250 | _a1st ed. | ||
| 260 |
_aNew York : _bNorth Point Press, _c2000. |
||
| 300 |
_a279 p. ; _c22 cm. |
||
| 600 | 0 | 0 |
_aBernstein, Laura Ellen, _d1945-1966. |
| 650 | 0 |
_aMurder _zArizona _vCase studies. |
|
| 999 |
_c346 _d346 |
||